| 000 | 00622nam a2200181Ia 4500 | ||
|---|---|---|---|
| 003 | GCL | ||
| 008 | 140319s9999 xx 000 0 ara d | ||
| 040 |
_aGCL / _cGCL |
||
| 082 | 0 | 4 |
_a363.34 _bا إ |
| 100 | 1 | _aالسيد عليوة | |
| 245 | 1 | 0 |
_aادارة الازمات والكوارث : _bمخاطر العولمة والارهاب الدولى / _cالسيد عليوة |
| 250 | _aالثانية | ||
| 260 |
_aالقاهرة : _bدار الامين للنشر والتوزيع ، _c2002 |
||
| 300 |
_a362 ص ؛ _c24 سم |
||
| 650 | 0 | 4 | _aالكوارث |
| 650 | 0 | 4 | _aالارهاب الدولى |
| 942 |
_2ddc _cBK |
||
| 999 |
_c5212 _d5212 |
||